000 00361nam a22001457a 4500
020 _qPB.
040 _cFIZZA ISHAQ
082 _a530
_bRES
100 _a Halliday, David.
_95033
245 _aFundamentals of physics /
_cDavid Halliday.
250 _a5th ED.
260 _aNew York :
_bWiley,
_c1997.
300 _a296 P. ;
_c10 x 8 inches,
942 _2ddc
_cBK
999 _c617054
_d617054